| 000 | 00938nam a22002417a 4500 | ||
|---|---|---|---|
| 005 | 20090626114138.0 | ||
| 008 | 090626t xxu||||| |||| 00| 0 eng d | ||
| 010 | _aENG-94240 | ||
| 020 |
_a9788183564380 _c995.00 |
||
| 035 | _aEN-77773 | ||
| 037 | _bDBAD / VEN | ||
| 040 |
_adpl _bEnglish |
||
| 082 | _a551 | ||
| 100 | _aSingh, G. | ||
| 245 |
_aEarth science today / _cby G. Singh |
||
| 260 |
_aNew Delhi _bDiscovery Publishing House _c2009 |
||
| 270 |
_a4831/24, Ansari Road, Prahlad Street, Darya Ganj _bNew Delhi _e110002 |
||
| 300 |
_avii, 298p. _c23cm(Hb) |
||
| 500 | _aIncludes bibliographical references and index | ||
| 942 |
_2ddc _cEN _mSIN _h551 |
||
| 999 |
_c27908 _d27908 |
||